000 00358nam a22001457a 4500
020 _a978-93-12149-08-9
082 _a330
_bBAT/E
100 _aBATRA, RITU
100 _aSHARMA, AKANKSHA
245 _aALL IN ONE ECONOMICS
_bFOR CBSE CLASS XII
260 _aDELHI
_bARIHANT PUBLICATIONS
300 _a509
650 _aECONOMICS REFERENCE
_zINDIA
942 _cBK
999 _c1693
_d1693